| Tag |
First Indicator |
Second Indicator |
Subfields |
| LEADER |
00000cam a2200000Ka 4500 |
| 001 |
in00002410121 |
| 005 |
20211129160343.0 |
| 006 |
m d f |
| 008 |
080707s2007 dcu s f000 0 eng d |
| 035 |
|
|
|a (OCoLC)ocn233535387
|
| 040 |
|
|
|a GPO
|c GPO
|d MvI
|d UtOrBLW
|
| 049 |
|
|
|a WWW
|
| 074 |
|
|
|a 0982-D-68 (online)
|
| 086 |
0 |
|
|a TD 8.67:810 820
|
| 245 |
0 |
0 |
|a Comparison of motorcycle rider fatalities in traffic crashes, 2005-2006 :
|b a brief statistical summary /
|c NHTSA.
|
| 246 |
1 |
|
|i At head of title:
|a Traffic safety facts, crash stats
|
| 264 |
|
1 |
|a [Washington, DC] :
|b NHTSA, [National Center for Statistics and Analysis],
|c [2007]
|
| 300 |
|
|
|a 2 unnumbered pages :
|b digital, PDF file.
|
| 336 |
|
|
|a text
|b txt
|2 rdacontent
|
| 337 |
|
|
|a computer
|b c
|2 rdamedia
|
| 338 |
|
|
|a unspecified
|b zu
|2 rdacarrier
|
| 538 |
|
|
|a Mode of access: Internet from NHTSA web site. Address as of 7/3/08: http://www-nrd.nhtsa.dot.gov/Pubs/810820.PDF ; current access available via PURL.
|
| 500 |
|
|
|a Title from caption (viewed on July 3, 2008).
|
| 500 |
|
|
|a "August 2007."
|
| 500 |
|
|
|a "DOT HS 810 820."
|
| 500 |
|
|
|a Electronic resource.
|
| 650 |
|
0 |
|a Motorcycling accidents
|z United States
|x History
|v Statistics.
|
| 650 |
|
0 |
|a Traffic fatalities
|z United States
|x History
|v Statistics.
|
| 710 |
2 |
|
|a National Center for Statistics and Analysis (U.S.)
|
| 856 |
4 |
0 |
|u https://purl.fdlp.gov/GPO/LPS96241
|t 0
|
| 999 |
|
|
|a MARS
|
| 999 |
f |
f |
|s eb653722-d1e0-3434-8791-5c7e93faf42e
|i c9de5317-d484-36ea-b3ea-2ffecf44746d
|t 0
|
| 952 |
f |
f |
|a Texas A&M University
|b College Station
|c Electronic Resources
|d Available Online
|t 0
|e TD 8.67:810 820
|h Superintendent of Documents classification
|
| 998 |
f |
f |
|a TD 8.67:810 820
|t 0
|l Available Online
|